HONEC, Jozef funkcionár KSČ, verejný činiteľ, robotník (29. 3. 1895 Partizánska Ľupča, okr. Liptovský Mikuláš - 1. 11. 1971 Turčianske Teplice-Diviaky, okr. Martin)

Bibliographic Details
Format: Article
Language:Slovak
Subjects:

MARC

LEADER 00000naa a2200000uu 4500
001 vtls010918314
003 SK-MaSNL
005 20260302131555.0
008 220808|1987 xo |||||||||||||||||slo|
015 |a SNBRA 
035 |a (urnnbn)urn:nbn:sk:snk:ar-a0cxsn 
035 |a (uuid)89769b80-1a82-425c-813d-ad1d8c1e78a0 
035 |a urn:nbn:sk:snk-aatmi6 
040 |a SNKBUCL  |b slo  |c SNKBUCL  |e AACR2 
041 0 |a slo 
044 |a xo  |c SK 
245 0 0 |a HONEC, Jozef  |b funkcionár KSČ, verejný činiteľ, robotník (29. 3. 1895 Partizánska Ľupča, okr. Liptovský Mikuláš - 1. 11. 1971 Turčianske Teplice-Diviaky, okr. Martin) 
655 7 |a biografické heslá  |2 SNKPH  |9 368942 
773 0 |t Slovenský biografický slovník : (od roku 833 do roku 1990). II. zväzok, E-J  |d Martin : Matica slovenská, 1987  |g S. 373 
954 |a odborná, vedecká literatúra pôvodná (slovenská)  |2 lita 
958 |a BX 
958 |a OND 
958 |a chapter 
958 |a article25 
999 |c 1308940  |d 1310870